Madappandi nempu: atmakathe (Record no. 108540)
[ view plain ]
| 000 -LEADER | |
|---|---|
| fixed length control field | 01221nam a2200265Ia 4500 |
| 003 - CONTROL NUMBER IDENTIFIER | |
| control field | OSt |
| 005 - DATE AND TIME OF LATEST TRANSACTION | |
| control field | 20260702155921.0 |
| 008 - FIXED-LENGTH DATA ELEMENTS--GENERAL INFORMATION | |
| fixed length control field | 210210b2003 xxu||||| |||| 00| 0 eng d |
| 040 ## - CATALOGING SOURCE | |
| Transcribing agency | AL |
| 041 ## - LANGUAGE CODE | |
| Language code of text/sound track or separate title | Tulu |
| 082 ## - DEWEY DECIMAL CLASSIFICATION NUMBER | |
| Classification number | T894.8 PRAM |
| 100 ## - MAIN ENTRY--PERSONAL NAME | |
| Personal name | PRABHAKARA RAI (B E). |
| Dates associated with a name | ಪ್ರಭಾಕರ ರೈ (ಬಿ. ಇ.) |
| 9 (RLIN) | 266174 |
| 245 ## - TITLE STATEMENT | |
| Title | Madappandi nempu: atmakathe |
| Remainder of title | ಮದಪಂದಿ ನೆಂಪು: ಆತ್ಮಕಥೆ |
| 260 ## - PUBLICATION, DISTRIBUTION, ETC. | |
| Place of publication, distribution, etc. | Bengaluru |
| Name of publisher, distributor, etc. | Satvika Prakashana |
| Date of publication, distribution, etc. | 2003 |
| 300 ## - PHYSICAL DESCRIPTION | |
| Extent | 229 |
| 520 ## - SUMMARY, ETC. | |
| Summary, etc. | ಈ ಪುಸ್ತಕವು ಕೇವಲ ಪ್ರಭಾಕರ ರೈ ಆತ್ಮಕಥೆಯಾಗಿರದೆ, ತುಳುನಾಡಿನ ಗ್ರಾಮೀಣ ಸೊಗಡು, ಆಚಾರ-ವಿಚಾರಗಳು ಮತ್ತು ತುಳುನಾಡಿನ ಸಾಂಸ್ಕೃತಿಕ, ಭಾಷಿಕ ಮತ್ತು ಐತಿಹಾಸಿಕ ನೆನಪುಗಳನ್ನು ಬಿಂಬಿಸುವ ಪ್ರಮುಖ ಕೃತಿಯಾಗಿದೆ |
| 650 ## - SUBJECT ADDED ENTRY--TOPICAL TERM | |
| Topical term or geographic name entry element | Tulu |
| 9 (RLIN) | 266175 |
| 650 ## - SUBJECT ADDED ENTRY--TOPICAL TERM | |
| Topical term or geographic name entry element | Prabhakara Rai |
| 9 (RLIN) | 266176 |
| 650 ## - SUBJECT ADDED ENTRY--TOPICAL TERM | |
| Topical term or geographic name entry element | nempu: |
| 9 (RLIN) | 266177 |
| 650 ## - SUBJECT ADDED ENTRY--TOPICAL TERM | |
| Topical term or geographic name entry element | Madappandi |
| 9 (RLIN) | 266178 |
| 650 ## - SUBJECT ADDED ENTRY--TOPICAL TERM | |
| Topical term or geographic name entry element | atmakathe |
| 9 (RLIN) | 266179 |
| 690 ## - LOCAL SUBJECT ADDED ENTRY--TOPICAL TERM (OCLC, RLIN) | |
| Topical term or geographic name as entry element | Tulu Biography |
| 9 (RLIN) | 266180 |
| 906 ## - LOCAL DATA ELEMENT F, LDF (RLIN) | |
| a | 061640 |
| 942 ## - ADDED ENTRY ELEMENTS (KOHA) | |
| Source of classification or shelving scheme | Dewey Decimal Classification |
| Koha item type | Book |
| Withdrawn status | Lost status | Damaged status | Not for loan | Collection code | Home library | Current library | Shelving location | Date acquired | Source of acquisition | Cost, normal purchase price | Total Checkouts | Full call number | Barcode | Date last seen | Price effective from | Koha item type |
|---|---|---|---|---|---|---|---|---|---|---|---|---|---|---|---|---|
| Tulu | St Aloysius Library | St Aloysius Library | 02/17/2021 | Athree Book Centre Balmatta, Mangalore-01 | 150.00 | T894.8 PRAM | 061640 | 02/17/2021 | 02/17/2021 | Book |